Central Library OPAC University of Rajshahi

People of the world, unite, for the complete, thorough, total and resolute prohibition and destruction of nuclear weapons! / (Record no. 46216)

MARC details
000 -LEADER
fixed length control field 00745nam a2200229 a 4500
001 - CONTROL NUMBER
control field 46216
003 - CONTROL NUMBER IDENTIFIER
rucl marc code BD-RjUL
005 - DATE AND TIME OF LATEST TRANSACTION
control field 20211209054125.0
008 - FIXED-LENGTH DATA ELEMENTS--GENERAL INFORMATION
fixed length control field 010816s1963 cc 00000 eng d
035 ## - SYSTEM CONTROL NUMBER
System control number (BD-RjUL)46334
System control number 2501649
040 ## - CATALOGING SOURCE
Original cataloging agency NUN
Transcribing agency NUN
Language of cataloging eng
Modifying agency BD-RjUL
041 ## - LANGUAGE CODE
Language code of text/sound track or separate title eng
082 ## - DEWEY DECIMAL CLASSIFICATION NUMBER
Classification number 355.825119
Author mark and year PEO 1963
245 00 - TITLE STATEMENT
Title People of the world, unite, for the complete, thorough, total and resolute prohibition and destruction of nuclear weapons! /
260 ## - PUBLICATION, DISTRIBUTION, ETC. (IMPRINT)
Place of publication, distribution, etc. Peking :
Name of publisher, distributor, etc. Foreign Languages Press,
Date of publication, distribution, etc. 1963.
300 ## - PHYSICAL DESCRIPTION
Pagination 207 p. ;
Size 20 cm.
650 #0 - SUBJECT ADDED ENTRY--TOPICAL TERM
Topical term or geographic name as entry element Nuclear disarmament
9 (RLIN) 141182
Topical term or geographic name as entry element China
Form subdivision Foreign relations
Chronological subdivision 1949
9 (RLIN) 141183
710 2# - ADDED ENTRY--CORPORATE NAME
Corporate name or jurisdiction name as entry element Wai wen ch'u pan she (Peking, China)
9 (RLIN) 141184
942 ## - ADDED ENTRY ELEMENTS (KOHA)
Source of classification or shelving scheme Dewey Decimal Classification
Koha item type Books
Holdings
Lost status Source of classification or shelving scheme Damaged status Not for loan Collection code Permanent Location Current Location Shelving location Date acquired Source of acquisition Total Checkouts Full call number Date last seen Copy number Koha item type
  Dewey Decimal Classification     Non-fiction Central Library, University of Rajshahi Central Library, University of Rajshahi   15/02/1965 Foreign language press   355.825119 PEO 1963 01/08/2016 C-2 Books